000 00559nam a2200205Ia 4500
005 20250508165504.0
008 008 250505s9999 xx 000 0 hin d
020 _a978 93 81017 78 4
037 _aTextual
040 _aFEDL
_beng
_cFEDL
041 _ahin
_2eng
084 _a370.1, CHO
_qFEDL
100 _aChaube R K
_9780995
245 0 _aBharat ke pramukh shiksha darshan
260 _aJaipur, India
_bAavishkar Publishers
_c2004
300 _a160p.
365 _aINR
_b350
942 _cTEXL
_h370.1, CHO
999 _c1395391
_d1395391